Focus sur: William Huggins - Tolkien - Statistiques

Statistiques générales
  • Ce quiz a été pris 9 fois
    8 depuis la dernière actualisation
  • Le résultat moyen est 5 sur 9
Statistiques - réponses
Informations recherchées Réponses % Correct
Première apparition Le Hobbit
88%
Age durant lequel il vécut Troisième
88%
Espèce Troll
88%
Surnom Bill
50%
Contrée Fourrés des trolls (Eriador)
50%
Groupe de l'espèce Troll des montagnes
50%
Autre traduction du prénom Léon
25%
Autre traduction du nom Legros
13%
Acteur l'interprétant dans les films Peter Hambleton
0%
Aucun quiz correspondant
Distribution des résultats
% des personnes avec chaque résultat
Percentile par nombre de réponses
Votre historique - résultats
Vous n’avez pas pris ce quiz depuis la dernière actualisation